000 00978nam0a22002651 4500
001 rc\3053976
005 20250806202418.0
035 _a(NLR Aleph) 007193264
090 _a46989
_c46989
100 _a20111011d1941 u y0rusy50 ca
101 0 _arus
102 _aRU
105 _aa z |||||
200 1 _aНаставление артиллерии РККА. Боевое применение 120-мм полкового миномета и правила стрельбы
_eУтв. 20/VI 1941 г.
_fГл. артиллер. упр. РККА
210 _aМосква
_cВоениздат
_d1941
215 _a111 с.
_cил.
_d17 см
740 1 _aСССР
_bВоенные уставы и наставления
_3RU\NLR\AUTH\8810020873
801 0 _aRU
_bNLR
_gpsbo
801 1 _aRU
_bELAR
_2rusmarc
852 _aNLR
_j65-2/629
942 _cBOOK
945 _aРоссийская национальная библиотека
980 _aNB
980 _aBV